| 000 | 00701nam a2200217 a 4500 | ||
|---|---|---|---|
| 001 | 000043987 | ||
| 005 | 20240305090729.0 | ||
| 008 | 140512s2003 ht 000 0 spa d | ||
| 020 | _a9789997000231 | ||
| 040 |
_aDO-SdBNP _bspa _cBNPHU |
||
| 082 |
_axxxx _bxxxx |
||
| 100 | 1 |
_aFranco, Franklin J., _d1936- _934417 |
|
| 245 | 1 | 0 |
_aDu racisme et de l'anti-haïtianisme : _bet autres essais / _cFranklin Franco Pichardo ; traductrices Chantal Joachim et Rachelle Doucet. |
| 250 | _a2a ed. | ||
| 260 |
_aHaïti : _bC3 Editions, _c2003. |
||
| 300 |
_a255 p. ; _c22 cm. |
||
| 490 | 1 | _aBohío | |
| 700 | 1 | 2 |
_aJoachim, Chantal _etr. _971945 |
| 700 | 1 | 2 |
_aDoucet, Rachelle _etr. _971946 |
| 830 | 0 |
_aBohío _970437 |
|
| 999 |
_c43476 _d43476 |
||